000 00851cab a2200289 4500
001 ABS54951
008 090401t1996 xxu||||| |||| 00| 0 eng d
035 _a(Sirsi) u13325
041 _aeng
100 _aPearce, F.
245 _aVandals of suburbia
260 _c1996
350 _a0
490 _aNew Scientist
_v(2024) 6 April 1996, 28-31(4)
520 _aExplores how Britain`s fondness for gardening is robbing the natural environment of plants and features such as orchids, limestone pavements, peat bogs and wild bulbs.
650 _aBLUEBELLS
650 _aGARDENING
650 _aLIMESTONE PAVEMENT ORDERS
650 _aLIMESTONE
650 _aORCHIDS
650 _aPEAT BOGS
650 _aSNOWDROPS
650 _aWILDLIFE HABITATS
690 _aENVIRONMENTAL AND LAND CONSULTANCY
942 _n0
948 _c04/03/1997
999 _c8586
_d8586